| 000 | 00882nam a2200253 i 4500 | ||
|---|---|---|---|
| 001 | 38223 | ||
| 003 | ES-MaACL | ||
| 005 | 20250730063057.0 | ||
| 007 | t| | ||
| 008 | 030225s1978 sp ||||1| spa d | ||
| 020 | _a84-259-0612-1 | ||
| 080 | _a94(44)"1789/99" | ||
| 100 | 0 |
_aBurke, Edmund, _d1729-1797 _932698 |
|
| 245 | 1 | 0 |
_aReflexiones sobre la Revolución francesa / _cEdmund Burke ; prólogo y traducción de Enrique Tierno Galván. |
| 260 |
_aMadrid : _bCentro de Estudios Constitucionales, _c1978. |
||
| 300 |
_a588 p. ; _c20 cm. |
||
| 490 | 1 | _aColección civitas | |
| 651 | 4 |
_aFrancia- _xHistoria- _y1789-1799, Revolución _9241176 |
|
| 700 | 1 |
_aTierno Galván, Enrique, _d1918-1986 _9110235 |
|
| 710 | 2 |
_aCentro de Estudios Constitucionales (España) _92618 |
|
| 830 | 1 |
_aColección civitas _9181171 |
|
| 852 | 4 |
_aES-MaACL _jA-9642 |
|
| 999 |
_c38223 _d38223 |
||